Organization for the care of handicapped children.

Bibliographic Details
Corporate Author: White House Conference on Child Health and Protection. Sect. IV: The Handicapped (Committee on National, State and Local Organization for the Handicapped.)
Format: Conference Proceeding Book
Language:English
Published: New York : Arno Press, 1974
Series:Children and youth: social problems and social policy.
Subjects:

MARC

Tag First Indicator Second Indicator Subfields
LEADER 00000pam a2200000 4500
001 in00000491621
005 20151013054314.0
008 740508r1974 nyu b 10100 eng
010 |a  74001715  
020 |a 0405059906 
035 |a (OCoLC)00914724 
035 |9 ACC2130AM 
040 |a DLC  |c DLC  |d TXA  |d UtOrBLW 
043 |a n-us--- 
049 |a TXAM  |c [1184398] 
050 0 0 |a HV888.5  |b .W47 1974 
060 0 |a W3 WH538 1930 
082 0 |a 362.7/8/0973 
111 2 |a White House Conference on Child Health and Protection. Sect. IV: The Handicapped.  |e Committee on National, State and Local Organization for the Handicapped. 
245 1 0 |a Organization for the care of handicapped children. 
264 1 |a New York :  |b Arno Press,  |c 1974 
264 4 |c [©1932] 
300 |a xx, 365 pages ;  |c 23 cm. 
336 |a text  |b txt  |2 rdacontent 
337 |a unmediated  |b n  |2 rdamedia 
338 |a volume  |b nc  |2 rdacarrier 
490 1 |a Children and youth. Social problems and social policy 
500 |a Reprint of the edition published by Century Co., New York. 
504 |a Includes bibliographical references. 
650 0 |a Children with disabilities  |x Care  |z United States  |v Congresses. 
650 0 |a Child welfare  |z United States  |v Congresses. 
830 0 |a Children and youth: social problems and social policy. 
999 |a MARS 
999 f f |s 39c5b29f-6f7d-39a4-a778-b789532e9ce8  |i 0f199ddb-1a8b-3a82-a446-f6a17f59565b  |t 0 
952 f f |p ric  |a Texas A&M University  |b Rellis Campus  |c Joint Library Facility  |d Remote Storage  |t 0  |e HV888.5 .W47 1974  |h Library of Congress classification  |i unmediated -- volume  |m A14803019615 
998 f f |a HV888.5 .W47 1974  |t 0  |l Remote Storage